Populační vývoj v České republice v roce 2012
Základné súhrnné ukazovatele populačného vývoja v ČR v rokoch 2005-2012. Počet obyvateľov a zloženie obyvateľstva podľa veku a rodinného stavu. Počet sobášov a rozvodovosť. Pôrodnosť a plodnosť v sledovanom období. Potratovosť. Úmrtnosť. Zahraničná migrácia. Migrácia v rámci krajiny.
Salvato in:
| Autore principale: | |
|---|---|
| Altri autori: | |
| Natura: | Capitolo di libro |
| Lingua: | ceco |
| Soggetti: | |
| Tags: |
Nessun Tag, puoi essere il primo ad aggiungerne!!
|
MARC
| LEADER | 00000naa a2200000 4500 | ||
|---|---|---|---|
| 001 | 0178855 | ||
| 005 | 20220715114513.9 | ||
| 041 | 0 | |a cze | |
| 044 | |a CZ | ||
| 245 | 1 | 0 | |a Populační vývoj v České republice v roce 2012 |c Terezie Štyglerová, Michaela Němečková |
| 520 | |a Základné súhrnné ukazovatele populačného vývoja v ČR v rokoch 2005-2012. Počet obyvateľov a zloženie obyvateľstva podľa veku a rodinného stavu. Počet sobášov a rozvodovosť. Pôrodnosť a plodnosť v sledovanom období. Potratovosť. Úmrtnosť. Zahraničná migrácia. Migrácia v rámci krajiny. | ||
| 610 | 2 | 0 | |a demografia |
| 610 | 2 | 0 | |a populácia |
| 610 | 2 | 0 | |a vývoj populačný |
| 610 | 2 | 0 | |a pôrodnosť |
| 610 | 2 | 0 | |a plodnosť |
| 610 | 2 | 0 | |a úmrtnosť |
| 610 | 2 | 0 | |a vek |
| 610 | 2 | 0 | |a muži |
| 610 | 2 | 0 | |a ženy |
| 610 | 2 | 0 | |a deti |
| 610 | 2 | 0 | |a migrácia |
| 610 | 2 | 0 | |a Česko |
| 100 | 1 | |a Štyglerová, Terezie | |
| 700 | 1 | |a Němečková, Michaela | |